| 000 | 00787nam a22002297a 4500 | ||
|---|---|---|---|
| 003 | UA-OsUOA | ||
| 001 | 61306 | ||
| 007 | ta | ||
| 008 | 20090630b un ||||| |||| 00| 0 ukr d | ||
| 090 |
_a340(031) _bВ27 |
||
| 942 | _cBK | ||
| 040 |
_aUA-OsUOA _bukr _cUA-OsUOA _dUA-OsUOA |
||
| 245 |
_aВеликий енциклопедичний юридичний словник _bЗа ред. академіка НАН України Ю. С. Шемшученка |
||
| 300 | _a992 с. | ||
| 955 | _a2 | ||
| 041 | _aukr | ||
| 080 | _a340(031) | ||
| 020 | _a978-966-8602+43-6 | ||
| 260 |
_aК. _bЮридична думка _c2007 |
||
| 650 | 7 |
_a340 Право в цілому. Пропедевтика. Методи та допоміжні правничі науки _2UDC |
|
| 999 |
_c347371 _d347371 |
||